000 00799nam a22002175i 4500
001 48498
003 ES-MaACL
005 20230906161748.0
007 t|
008 960520s1882 sp ||||1| spa d
040 _aCLM
_bspa
_cCCPB | SIC
100 1 _aDelfau, Gérard.
_943385
245 1 0 _aManual completo de las enfermedades de las vías urinarias y de los organos genitales /
_cpor Gerardo Delfau ; versión española de Ramón Serret Comin.
260 _aMadrid :
_bCarlos Bailly-Bailliere,
_c1882 (
_fEnrique Teodoro)
300 _aVIII, 783 p. :
_bgrab. ;
_c24 cm.
490 1 _aBiblioteca escogida de El Siglo Médico
700 1 _aSerret Comín, Ramón.
_9105834
830 0 _aBiblioteca escogida de El Siglo Médico
_9182501
852 _aES-MaACL
_jF-11784
999 _c48498
_d48498